000 00241nam a22001097a 4500
999 _c12637
_d12637
020 _a9788177588262
082 _a011.64
100 _aAlfred V. Aho
245 _aData Structures and Algorithms
260 _aIndia
_bPearson
_c2006
942 _cBK